000 00288 a2200133 4500
001 12206
020 _a9799693513829
082 _a891.4392You
090 _c9423
_d9423
100 _aYounas Butt
245 _aDuble Truble
260 _aLahore
_bSang-e-Meel
_c2005
300 _a232pp
942 _aNUST-CAE
_k891.4392You
999 _c247279
_d247279